| 000 | 00356 a2200121 4500 | ||
|---|---|---|---|
| 020 | _a007072542 | ||
| 082 | _a620.112 YOU | ||
| 100 | _aYoung, Warren C. | ||
| 245 |
_aRoark's Formulas for Stress and Strain _cWarren C. Young, Richard G. Budynas |
||
| 250 | _a7th ed. | ||
| 260 |
_aNew York : _bMc Graw Hill, _c2002 |
||
| 300 |
_axii, 852p. : _bill . ; _c23 cm |
||
| 650 | _aStress and Strain | ||
| 999 |
_c812 _d812 |
||